Import Countries of Small European States - Statistics

General Stats
  • This quiz has been taken 15 times
  • The average score is 22 of 24
Answer Stats
Country % Correct
China CH
100%
Finland FI
100%
France FR
100%
Germany GR
100%
Greece GR
100%
Italy IT
100%
Latvia LV
100%
Lithuania LI
100%
Norway NR
100%
Poland PL
100%
Romania RO
100%
Russia RU
100%
Slovakia SL
100%
Spain SP
100%
Turkey TU
100%
UK UK
100%
USA USA
100%
Sweden SW
93%
Netherlands HL
87%
Ukraine UK
87%
Austria AU
80%
Iran IR
67%
South Korea SK
60%
Israel IS
53%
No matching quizzes found
Score Distribution
Percent of People with Each Score
Percentile by Number Answered
Your Score History
You have not taken this quiz